[Event "Campeonato de España sub-16 2011"]
[Site "Padron ESP"]
[Date "2011.07.22"]
[Round "6.10"]
[White "Fernandez Lledo, Javier"]
[Black "Jareno Badenas, Aleix"]
[Result "1-0"]
[WhiteElo "2204"]
[BlackElo "2026"]
[PlyCount "101"]
[EventDate "2011.07.19"]
[EventType "swiss"]
[EventRounds "9"]
[EventCountry "ESP"]
[Source "lmi"]
[SourceDate "2011.07.19"]

1. e4 e6 2. d4 d5 3. Nd2 Nf6 4. e5 Nfd7 5. f4 c5 6. c3 Nc6 7. Ndf3 Qb6 8. g3
cxd4 9. cxd4 Bb4+ 10. Kf2 g5 11. h3 f6 12. Kg2 Rf8 13. Bd3 gxf4 14. gxf4 Rg8+
15. Kf1 fxe5 16. fxe5 Rf8 17. Kg2 Rg8+ 18. Kf1 Rf8 19. Bxh7 Qxd4 20. Bh6 Qxd1+
21. Rxd1 Rh8 22. Ng5 Nf8 23. Bg7 Rxh7 24. Bxf8 Rh5 25. Bxb4 Rxg5 26. Bc3 Nxe5
27. h4 Rf5+ 28. Kg2 Ng4 29. Re1 Bd7 30. Nf3 O-O-O 31. Rh3 Nf6 32. Bxf6 Rxf6 33.
Ne5 Rdf8 34. Rf3 Rxf3 35. Nxf3 Kc7 36. Kg3 Kd6 37. h5 Be8 38. h6 Bg6 39. Kg4
Bh5+ 40. Kxh5 Rxf3 41. Rh1 d4 42. Kg6 Rf8 43. Kg7 Rc8 44. h7 e5 45. h8=Q Rxh8
46. Rxh8 e4 47. Kf6 e3 48. Re8 Kd5 49. Kf5 Kc4 50. Ke4 e2 51. Rc8+ 1-0

[Event "Campeonato de España sub-16 2011"]
[Site "Padron ESP"]
[Date "2011.07.22"]
[Round "6.11"]
[White "Aranaz Murillo, Amalia"]
[Black "Valhondo Morales, Ruben"]
[Result "0-1"]
[WhiteElo "2176"]
[BlackElo "1993"]
[PlyCount "50"]
[EventDate "2011.07.19"]
[EventType "swiss"]
[EventRounds "9"]
[EventCountry "ESP"]
[Source "lmi"]
[SourceDate "2011.07.19"]

1. Nf3 f5 2. c4 Nf6 3. g3 e6 4. Bg2 Be7 5. O-O O-O 6. Nc3 d6 7. d4 Qe8 8. b4
Nc6 9. b5 Nd8 10. a4 Qh5 11. Qc2 Nf7 12. Ba3 Re8 13. c5 e5 14. dxe5 dxe5 15. e4
f4 16. Qb3 Bg4 17. Nd5 Nxd5 18. exd5 e4 19. Nd2 f3 20. Bh1 Ng5 21. h4 Nh3+ 22.
Kh2 Bxh4 23. Rae1 Bg5 24. Bb4 Nxf2+ 25. Kg1 Qxh1+ 0-1

[Event "Campeonato de España sub-16 2011"]
[Site "Padron ESP"]
[Date "2011.07.22"]
[Round "6.12"]
[White "Iglesias Garcia, Jorge"]
[Black "Navarrete Espi, Samuel"]
[Result "0-1"]
[WhiteElo "1872"]
[BlackElo "2169"]
[PlyCount "64"]
[EventDate "2011.07.19"]
[EventType "swiss"]
[EventRounds "9"]
[EventCountry "ESP"]
[Source "lmi"]
[SourceDate "2011.07.19"]

1. d4 Nf6 2. c4 g6 3. Nc3 Bg7 4. e4 d6 5. f4 O-O 6. Nf3 c5 7. d5 e6 8. Be2 exd5
9. cxd5 Bg4 10. O-O Re8 11. h3 Bxf3 12. Bxf3 Na6 13. Re1 Nd7 14. Be3 c4 15. Rc1
Ndc5 16. Be2 Bxc3 17. Rxc3 b5 18. Bd4 Rxe4 19. Bf3 Rxe1+ 20. Qxe1 Nd3 21. Qg3
Qe7 22. Kh2 Nac5 23. f5 Ne4 24. Qg4 Nxc3 25. f6 Qf8 26. Bxc3 Qh6 27. Qd7 Qf4+
28. Kh1 b4 29. Bxb4 Nxb4 30. Qb7 Re8 31. Qxb4 Qg3 32. Be2 c3 0-1

[Event "Campeonato de España sub-16 2011"]
[Site "Padron ESP"]
[Date "2011.07.22"]
[Round "6.13"]
[White "Rodriguez Ferraz, Borja"]
[Black "Nicolas Zapata, Javier"]
[Result "1-0"]
[WhiteElo "2125"]
[BlackElo "1982"]
[PlyCount "91"]
[EventDate "2011.07.19"]
[EventType "swiss"]
[EventRounds "9"]
[EventCountry "ESP"]
[Source "lmi"]
[SourceDate "2011.07.19"]

1. d4 Nf6 2. c4 c5 3. d5 e6 4. Nc3 exd5 5. cxd5 d6 6. e4 g6 7. h3 Bg7 8. Nf3
O-O 9. Bd3 b5 10. Bxb5 Nxe4 11. Nxe4 Qa5+ 12. Nfd2 Qxb5 13. Nxd6 Qa6 14. N2c4
Nd7 15. O-O Nb6 16. Nxb6 Qxb6 17. Nxc8 Rfxc8 18. Qc2 Rab8 19. Rb1 Rd8 20. Rd1
Bd4 21. Bf4 Rb7 22. d6 Bg7 23. Rd2 Bf8 24. Rbd1 Rbd7 25. Rd5 Qb4 26. Qd2 Qa4
27. b3 Qc6 28. Qd3 a5 29. Be5 a4 30. Qf3 Bg7 31. Bxg7 Kxg7 32. Qc3+ Kg8 33.
Rxc5 Qa6 34. Rc6 Qe2 35. Qd2 Qb5 36. Qd5 Qe2 37. bxa4 Rb8 38. Rc7 Rxc7 39. dxc7
Rc8 40. Rc1 Qb2 41. Qc4 h5 42. a5 Qa3 43. a6 h4 44. Rd1 Kg7 45. Qd4+ Kh7 46.
Qxh4+ 1-0

[Event "Campeonato de España sub-16 2011"]
[Site "Padron ESP"]
[Date "2011.07.22"]
[Round "6.14"]
[White "Cerrato Torrijos, Maria"]
[Black "Garcia Rodriguez, Sara"]
[Result "1-0"]
[WhiteElo "2124"]
[BlackElo "1926"]
[PlyCount "89"]
[EventDate "2011.07.19"]
[EventType "swiss"]
[EventRounds "9"]
[EventCountry "ESP"]
[Source "lmi"]
[SourceDate "2011.07.19"]

1. e4 c5 2. Nf3 d6 3. d4 cxd4 4. Nxd4 Nf6 5. Nc3 g6 6. Be3 Bg7 7. f3 Nc6 8. Qd2
O-O 9. O-O-O d5 10. Kb1 Nxd4 11. e5 Nf5 12. exf6 Bxf6 13. Nxd5 Qxd5 14. Qxd5
Nxe3 15. Qd2 Nxd1 16. Qxd1 Be6 17. Bb5 Rfd8 18. Qe2 Rd6 19. Rd1 Rad8 20. Rxd6
Rxd6 21. Ba4 Bc4 22. Qe1 Re6 23. Qb4 Bd5 24. Bb3 Bxb3 25. axb3 Kg7 26. g4 b6
27. f4 h6 28. Qc4 g5 29. f5 Re5 30. b4 h5 31. gxh5 Rxf5 32. Qa6 Rf4 33. c3 Rh4
34. Qxa7 Rxh2 35. Qxb6 Rxh5 36. Qg1 Rh4 37. b5 g4 38. Qg3 Kg6 39. b6 Kf5 40. b7
Rh1+ 41. Kc2 Be5 42. Qxe5+ Kxe5 43. b8=Q+ Kf5 44. Qb5+ Kg6 45. Qc6+ 1-0

[Event "Campeonato de España sub-16 2011"]
[Site "Padron ESP"]
[Date "2011.07.22"]
[Round "6.15"]
[White "Nicolas Zapata, Irene"]
[Black "Dominguez Carnero, Javier"]
[Result "1/2-1/2"]
[WhiteElo "2117"]
[BlackElo "1672"]
[PlyCount "124"]
[EventDate "2011.07.19"]
[EventType "swiss"]
[EventRounds "9"]
[EventCountry "ESP"]
[Source "lmi"]
[SourceDate "2011.07.19"]

1. Nf3 d5 2. d4 c6 3. c4 Nf6 4. Nc3 Bg4 5. cxd5 Nxd5 6. e4 Nb6 7. Be3 e6 8. Qb3
N8d7 9. h3 Bxf3 10. gxf3 Qc7 11. O-O-O Bd6 12. Rg1 g6 13. Kb1 Bf4 14. Bxf4 Qxf4
15. d5 exd5 16. exd5 O-O 17. Be2 Ne5 18. dxc6 bxc6 19. Ne4 Nd5 20. Qc2 Rae8 21.
Qc1 Qxc1+ 22. Rxc1 f5 23. Nc5 Nf4 24. Bd1 Nxh3 25. Bb3+ Kh8 26. Rh1 Nxf2 27.
Rh2 Nfd3 28. Rch1 h5 29. Ne6 Rf6 30. Rxh5+ gxh5 31. Rxh5+ Kg8 32. Nc7+ Kf8 33.
Rh8+ Ke7 34. Nxe8 Rf8 35. Rxf8 Kxf8 36. Nd6 f4 37. Ba4 c5 38. Bd1 Ne1 39. Ne4
N1xf3 40. Bxf3 Nxf3 41. Nxc5 Nd4 42. Nd3 Ne6 43. Kc2 Ke7 44. Kc3 Kd6 45. Kc4
Kc6 46. a4 a6 47. a5 Kd6 48. b3 Kc6 49. Nb4+ Kb7 50. Kd5 f3 51. Nc2 f2 52. Ne3
Ng5 53. Nf1 Nf7 54. b4 Ng5 55. Kc5 Kc7 56. Kd5 Kb7 57. Kd6 Nf7+ 58. Kc5 Ng5 59.
Kd5 Kc7 60. Kc5 Kb7 61. Kd6 Nf7+ 62. Ke6 Kc6 1/2-1/2

[Event "Campeonato de España sub-16 2011"]
[Site "Padron ESP"]
[Date "2011.07.22"]
[Round "6.16"]
[White "Castillo Martinez, Eloi"]
[Black "Madurga Lopez, Ignacio"]
[Result "0-1"]
[WhiteElo "1800"]
[BlackElo "2036"]
[PlyCount "50"]
[EventDate "2011.07.19"]
[EventType "swiss"]
[EventRounds "9"]
[EventCountry "ESP"]
[Source "lmi"]
[SourceDate "2011.07.19"]

1. e4 c5 2. Nf3 d6 3. d4 cxd4 4. Nxd4 Nf6 5. Nc3 a6 6. Be3 e5 7. Nb3 Be6 8. f3
Be7 9. g4 d5 10. Bc5 d4 11. Na4 Nfd7 12. c4 Nxc5 13. Naxc5 Bxc5 14. Nxc5 Qa5+
15. Qd2 Qxc5 16. b4 Qe7 17. h4 O-O 18. Bd3 a5 19. Rb1 axb4 20. h5 Nd7 21. g5
Nc5 22. g6 Nxd3+ 23. Qxd3 fxg6 24. hxg6 h6 25. Rb2 Ra3 0-1

[Event "Campeonato de España sub-16 2011"]
[Site "Padron ESP"]
[Date "2011.07.23"]
[Round "7.1"]
[White "Anton Guijarro, David"]
[Black "Sanchez Ibern, Marc"]
[Result "1-0"]
[WhiteElo "2473"]
[BlackElo "2327"]
[PlyCount "67"]
[EventDate "2011.07.19"]
[EventType "swiss"]
[EventRounds "9"]
[EventCountry "ESP"]
[Source "lmi"]
[SourceDate "2011.07.19"]

1. e4 c5 2. Nf3 d6 3. d4 Nf6 4. Nc3 cxd4 5. Nxd4 Nc6 6. Bg5 Bd7 7. Qd2 Rc8 8.
f4 h6 9. Bxf6 gxf6 10. Nf5 Qa5 11. Bd3 Nb4 12. a3 Rg8 13. g3 e6 14. Ne3 Nxd3+
15. Qxd3 Qh5 16. O-O Be7 17. f5 Qg5 18. Rae1 h5 19. Nb5 h4 20. g4 Rc6 21. h3 a6
22. Nd4 Rc7 23. Qb3 e5 24. Nd5 Rc5 25. Nf3 Qh6 26. Qxb7 Rxc2 27. Kh1 Rc6 28.
Nb6 Rxb6 29. Qxb6 Bb5 30. Qb8+ Bd8 31. Rd1 Bxf1 32. Qxd6 Ba5 33. Nxe5 Bb5 34.
Qb8+ 1-0

[Event "Campeonato de España sub-16 2011"]
[Site "Padron ESP"]
[Date "2011.07.23"]
[Round "7.2"]
[White "Cruz Lledo, Pablo"]
[Black "Santos Latasa, Jaime"]
[Result "0-1"]
[WhiteElo "2269"]
[BlackElo "2242"]
[PlyCount "148"]
[EventDate "2011.07.19"]
[EventType "swiss"]
[EventRounds "9"]
[EventCountry "ESP"]
[Source "lmi"]
[SourceDate "2011.07.19"]

1. d4 Nf6 2. c4 c5 3. d5 b5 4. Nf3 e6 5. dxe6 fxe6 6. cxb5 d5 7. g3 a6 8. bxa6
Bd6 9. Bg2 O-O 10. O-O Nc6 11. Nc3 Bxa6 12. Bg5 h6 13. Bxf6 Qxf6 14. Nxd5 exd5
15. Qxd5+ Kh8 16. Qxc6 Bxe2 17. Nh4 Bxf1 18. Rxf1 Rac8 19. Qe4 Rfe8 20. Ng6+
Kh7 21. Ne7+ Kh8 22. Ng6+ Kh7 23. Nf8+ Kg8 24. Nd7 Qf7 25. Qa4 Kh8 26. b3 Be5
27. Nb6 Rcd8 28. Bc6 Re7 29. Nd5 Re6 30. Ne3 Re7 31. Nd5 Re6 32. Ne3 Rg6 33.
Be4 Rgd6 34. Nf5 Rf6 35. Ne3 Bd4 36. Ng4 Rfd6 37. Qc4 Qf8 38. Bb1 h5 39. Qc2 g6
40. Ne3 Rf6 41. Nd1 Re8 42. Qd3 Qf7 43. Kg2 Kg7 44. Bc2 Qb7+ 45. Kg1 h4 46.
gxh4 Ref8 47. Qg3 Qd5 48. Ne3 Qf3 49. Ng4 Rf4 50. Qxf3 Rxf3 51. Kg2 R8f4 52. h3
Rc3 53. Bd1 Rd3 54. a4 Rd2 55. Bf3 Bf6 56. Kg3 Rb4 57. Ne3 Bxh4+ 58. Kg2 Rxb3
59. Nc4 Ra2 60. Bc6 Rc3 61. Nd6 Rcc2 62. Ne4 c4 63. Bd5 Rxa4 64. Rb1 Ra7 65.
Rb8 Rd7 66. Bc6 Rc7 67. Bd5 c3 68. Kf3 Rb2 69. Rg8+ Kh7 70. Kg4 Be7 71. Ng5+
Bxg5 72. Kxg5 Rb5 73. Rd8 c2 74. Kf6 Rxd5 0-1

[Event "Campeonato de España sub-16 2011"]
[Site "Padron ESP"]
[Date "2011.07.23"]
[Round "7.3"]
[White "Ladron De Guevara Pinto, Paolo"]
[Black "Ballester Llagaria, Luis Eduard"]
[Result "1-0"]
[WhiteElo "2269"]
[BlackElo "2139"]
[PlyCount "49"]
[EventDate "2011.07.19"]
[EventType "swiss"]
[EventRounds "9"]
[EventCountry "ESP"]
[Source "lmi"]
[SourceDate "2011.07.19"]

1. e4 c5 2. Nf3 e6 3. g3 Nc6 4. Bg2 Nf6 5. d3 d5 6. e5 Nd7 7. Qe2 Be7 8. O-O g5
9. Ne1 Ndxe5 10. f4 Ng6 11. fxg5 e5 12. c4 Be6 13. cxd5 Bxd5 14. Bxd5 Qxd5 15.
Nc3 Qe6 16. Be3 Rd8 17. Ne4 Nd4 18. Qf2 Rd7 19. b3 Rf8 20. Rc1 b6 21. h4 Qg4
22. Bxd4 Rxd4 23. Qf5 Rxe4 24. Qxe4 Qxg3+ 25. Ng2 1-0

[Event "Campeonato de España sub-16 2011"]
[Site "Padron ESP"]
[Date "2011.07.23"]
[Round "7.4"]
[White "Silva Rodriguez, Julio"]
[Black "Pardo Simon, David"]
[Result "0-1"]
[WhiteElo "2133"]
[BlackElo "2388"]
[PlyCount "76"]
[EventDate "2011.07.19"]
[EventType "swiss"]
[EventRounds "9"]
[EventCountry "ESP"]
[Source "lmi"]
[SourceDate "2011.07.19"]

1. e4 e5 2. Nf3 Nc6 3. Bc4 Nf6 4. Ng5 d5 5. exd5 Na5 6. Bb5+ c6 7. dxc6 bxc6 8.
Qf3 Rb8 9. Bd3 Bd6 10. Nc3 Bg4 11. Qe3 Nd5 12. Nxd5 cxd5 13. f4 e4 14. O-O Qe7
15. Qg3 f5 16. Re1 h6 17. Nxe4 dxe4 18. Bxe4 fxe4 19. Qxg4 O-O 20. d3 Bc5+ 21.
Kh1 e3 22. c3 Qf6 23. d4 Bd6 24. g3 Rfe8 25. Qh5 Nc4 26. b3 Na3 27. Re2 Nb5 28.
Bb2 Ba3 29. Bxa3 Nxa3 30. Rae1 Qc6+ 31. d5 Qxc3 32. Qf3 Nc2 33. Rc1 Rbc8 34. d6
Qd3 35. Kg2 Rc3 36. Qg4 Rd8 37. f5 Rxd6 38. Qh5 Qxe2+ 0-1

[Event "Campeonato de España sub-16 2011"]
[Site "Padron ESP"]
[Date "2011.07.23"]
[Round "7.5"]
[White "Madurga Lopez, Ignacio"]
[Black "Suarez Garcia, Carlos"]
[Result "1/2-1/2"]
[WhiteElo "2036"]
[BlackElo "2250"]
[PlyCount "103"]
[EventDate "2011.07.19"]
[EventType "swiss"]
[EventRounds "9"]
[EventCountry "ESP"]
[Source "lmi"]
[SourceDate "2011.07.19"]

1. e4 c5 2. Nf3 e6 3. d4 cxd4 4. Nxd4 a6 5. Nc3 Qc7 6. g3 b5 7. a3 Bb7 8. Bg2
Nf6 9. O-O Nc6 10. Bf4 e5 11. Nxc6 dxc6 12. Bg5 Be7 13. Qe2 h6 14. Bxf6 Bxf6
15. Nd1 O-O 16. Ne3 g6 17. Rad1 Bc8 18. h4 Be6 19. Kh2 Bg7 20. Bh3 Bxh3 21.
Kxh3 Qe7 22. Qg4 Rad8 23. Rxd8 Rxd8 24. Rd1 h5 25. Rxd8+ Qxd8 26. Qe2 Qd4 27.
Nd1 Bh6 28. c3 Qd6 29. Ne3 a5 30. Kg2 Kf8 31. Kf3 Ke7 32. Qc2 a4 33. Ke2 Qe6
34. Qd1 Qa2 35. Qc2 Qa1 36. Nd1 f6 37. c4 Qc1 38. Qxc1 Bxc1 39. cxb5 cxb5 40.
Nc3 Bxb2 41. Nxb5 Kd7 42. Kd3 Kc6 43. Nc3 Bxa3 44. Nxa4 Bb4 45. Nb2 Kc5 46. Nd1
Ba5 47. Ne3 Bd8 48. f3 Kd6 49. g4 hxg4 50. fxg4 Ke6 51. h5 Kf7 52. Ke2 1/2-1/2

[Event "Campeonato de España sub-16 2011"]
[Site "Padron ESP"]
[Date "2011.07.23"]
[Round "7.6"]
[White "Alcaraz Ortega, Javier"]
[Black "Rodriguez Ferraz, Borja"]
[Result "1/2-1/2"]
[WhiteElo "2248"]
[BlackElo "2125"]
[PlyCount "118"]
[EventDate "2011.07.19"]
[EventType "swiss"]
[EventRounds "9"]
[EventCountry "ESP"]
[Source "lmi"]
[SourceDate "2011.07.19"]

1. d4 Nf6 2. Nc3 d5 3. Bg5 g6 4. Bxf6 exf6 5. e3 Bg7 6. Bd3 c6 7. Nge2 Nd7 8.
O-O O-O 9. Nf4 f5 10. b4 Nf6 11. Na4 Qd6 12. c3 Re8 13. Nc5 b6 14. Nb3 Bh6 15.
Ne2 Ng4 16. g3 Qe7 17. Nf4 g5 18. Ng2 Qd6 19. Qf3 Nf6 20. h4 Ne4 21. hxg5 Bxg5
22. Rac1 Qh6 23. Nf4 Bxf4 24. exf4 Qh3 25. Rc2 Nd6 26. a4 Bb7 27. Rd1 Re6 28.
Bf1 Qh6 29. Re2 Rae8 30. Re5 f6 31. Rxe6 Rxe6 32. Kg2 Qg6 33. Be2 Ne4 34. Rc1
Qe8 35. Bd3 c5 36. Bb5 Qe7 37. bxc5 bxc5 38. dxc5 Nxc5 39. Nd4 Rb6 40. Nxf5 Qe4
41. Qxe4 Nxe4 42. Nd4 a6 43. Bd3 Nc5 44. Bc2 Rb2 45. Rb1 Rxb1 46. Bxb1 Nxa4 47.
Ne2 d4+ 48. Kf1 dxc3 49. Bc2 Nc5 50. Nxc3 Bc6 51. Ke2 h6 52. Ke3 Kf7 53. Kd4
Ne6+ 54. Kc4 Ke7 55. f5 Ng5 56. Kc5 Kd7 57. f4 Nf3 58. g4 Nd2 59. Bd3 Bf3
1/2-1/2

[Event "Campeonato de España sub-16 2011"]
[Site "Padron ESP"]
[Date "2011.07.23"]
[Round "7.7"]
[White "Valhondo Morales, Ruben"]
[Black "Fernandez Lledo, Javier"]
[Result "1/2-1/2"]
[WhiteElo "1993"]
[BlackElo "2204"]
[PlyCount "64"]
[EventDate "2011.07.19"]
[EventType "swiss"]
[EventRounds "9"]
[EventCountry "ESP"]
[Source "lmi"]
[SourceDate "2011.07.19"]

1. e4 c5 2. d3 d5 3. Nd2 e6 4. g3 Nc6 5. Bg2 Nf6 6. f4 Qc7 7. Ngf3 b6 8. c3 Ba6
9. e5 Nd7 10. Qe2 Be7 11. h4 O-O-O 12. Bh3 Kb8 13. a3 Rhe8 14. O-O f5 15. b4 h6
16. h5 g5 17. hxg6 Rg8 18. Rb1 Bb7 19. d4 Rxg6 20. Kh2 Rdg8 21. Rg1 c4 22. a4
a5 23. b5 Nd8 24. Ra1 Nf7 25. Ba3 Bxa3 26. Rxa3 Nf8 27. Nh4 R6g7 28. Raa1 Bc8
29. Qf2 Qe7 30. Bf1 h5 31. Ndf3 Nh6 32. Bh3 Nh7 1/2-1/2

[Event "Campeonato de España sub-16 2011"]
[Site "Padron ESP"]
[Date "2011.07.23"]
[Round "7.8"]
[White "Navarrete Espi, Samuel"]
[Black "Cerrato Torrijos, Maria"]
[Result "1-0"]
[WhiteElo "2169"]
[BlackElo "2124"]
[PlyCount "53"]
[EventDate "2011.07.19"]
[EventType "swiss"]
[EventRounds "9"]
[EventCountry "ESP"]
[Source "lmi"]
[SourceDate "2011.07.19"]

1. e4 e6 2. d4 d5 3. Nc3 Nf6 4. e5 Nfd7 5. f4 c5 6. Nf3 Nc6 7. Be3 Be7 8. Qd2
O-O 9. Be2 b6 10. O-O f5 11. exf6 Nxf6 12. Rad1 Bb7 13. Kh1 Rc8 14. Qe1 Qe8 15.
Qg3 Ne4 16. Qh3 Qg6 17. Nxe4 dxe4 18. Ng5 Bxg5 19. fxg5 Rxf1+ 20. Rxf1 cxd4 21.
Bh5 Qf5 22. Rxf5 exf5 23. Bf4 g6 24. Qb3+ Kg7 25. Qe6 Rf8 26. Be2 Rf7 27. Bc4
1-0

[Event "Campeonato de España sub-16 2011"]
[Site "Padron ESP"]
[Date "2011.07.23"]
[Round "7.9"]
[White "Quintin Navarro, Alberto"]
[Black "Shen, Yue"]
[Result "1-0"]
[WhiteElo "2153"]
[BlackElo "2053"]
[PlyCount "47"]
[EventDate "2011.07.19"]
[EventType "swiss"]
[EventRounds "9"]
[EventCountry "ESP"]
[Source "lmi"]
[SourceDate "2011.07.19"]

1. d4 Nf6 2. c4 c5 3. d5 e6 4. Nc3 exd5 5. cxd5 d6 6. Nf3 g6 7. Nd2 Nbd7 8. e4
Bg7 9. Be2 O-O 10. O-O Re8 11. a4 a6 12. f4 Rb8 13. Qc2 Qc7 14. Kh1 b6 15. Nc4
b5 16. axb5 axb5 17. Na5 b4 18. Nb5 Rxb5 19. Bxb5 Nxe4 20. Nc6 Qb6 21. Bd3 Ndf6
22. Ra8 Qb7 23. Ra7 Qb6 24. Re7 1-0

[Event "Campeonato de España sub-16 2011"]
[Site "Padron ESP"]
[Date "2011.07.23"]
[Round "7.10"]
[White "Acosta Sosa, Juan Manuel"]
[Black "Martin Duque, Jesus"]
[Result "0-1"]
[WhiteElo "2088"]
[BlackElo "2124"]
[PlyCount "106"]
[EventDate "2011.07.19"]
[EventType "swiss"]
[EventRounds "9"]
[EventCountry "ESP"]
[Source "lmi"]
[SourceDate "2011.07.19"]

1. d4 d5 2. c4 e6 3. Nc3 c5 4. cxd5 exd5 5. Nf3 Nc6 6. g3 Nf6 7. Bg2 Be7 8. O-O
O-O 9. dxc5 Bxc5 10. Bg5 d4 11. Ne4 Be7 12. Nxf6+ Bxf6 13. Bxf6 Qxf6 14. Qd2
Be6 15. b3 h6 16. Rfd1 Rfd8 17. Rac1 Rac8 18. Qf4 Qxf4 19. gxf4 Kf8 20. Rc2 Rd6
21. Rcd2 Rcd8 22. e4 Bg4 23. Rc1 Bxf3 24. Bxf3 f6 25. a3 g5 26. f5 Ne5 27. Be2
d3 28. Bd1 Rc6 29. Rxc6 bxc6 30. b4 g4 31. h3 h5 32. hxg4 hxg4 33. f3 gxf3 34.
Kf2 Rd4 35. Ke3 Rc4 36. Bxf3 Rc3 37. Bd1 Rxa3 38. Kd4 a5 39. bxa5 Rxa5 40. Rb2
c5+ 41. Kd5 c4+ 42. Kd4 Ra3 43. Rb6 Kg7 44. Rb5 Ra1 45. Bh5 d2 46. Kd5 d1=Q+
47. Bxd1 Rxd1+ 48. Ke6 Ng4 49. Rb7+ Kh6 50. Rc7 Rd4 51. e5 Re4 52. Kf7 Rxe5 53.
Rxc4 Kg5 0-1

[Event "Campeonato de España sub-16 2011"]
[Site "Padron ESP"]
[Date "2011.07.23"]
[Round "7.11"]
[White "Meneses Gonzalez, Kevin Moises"]
[Black "Pinsach Gelabert, Alexandre"]
[Result "0-1"]
[WhiteElo "2226"]
[BlackElo "1896"]
[PlyCount "102"]
[EventDate "2011.07.19"]
[EventType "swiss"]
[EventRounds "9"]
[EventCountry "ESP"]
[Source "lmi"]
[SourceDate "2011.07.19"]

1. e4 e5 2. Nf3 Nc6 3. Bb5 a6 4. Ba4 Nf6 5. O-O Nxe4 6. d4 exd4 7. Re1 d5 8.
Nxd4 Bd6 9. Nxc6 Bxh2+ 10. Kh1 Qh4 11. Rxe4+ dxe4 12. Qd8+ Qxd8 13. Nxd8+ Kxd8
14. Kxh2 Be6 15. Nc3 c5 16. Bg5+ Kc8 17. Nxe4 b5 18. Nxc5 bxa4 19. Nxa4 Kc7 20.
Rd1 Kc6 21. Rd3 Rac8 22. Be3 Rhd8 23. Rc3+ Kb5 24. Nc5 Bxa2 25. Ra3 Bd5 26. Nb3
Bxb3 27. Rxb3+ Kc4 28. Rb7 Rf8 29. Kg3 Kd5 30. c3 Rc6 31. Bd4 Ke6 32. Kf3 g6
33. Kf4 Rd8 34. Ke4 Rd5 35. g3 Rb5 36. Rxb5 axb5 37. Be3 h5 38. Kd4 f6 39. b3
g5 40. c4 bxc4 41. bxc4 h4 42. gxh4 gxh4 43. Bf4 Kf5 44. Bh2 Kg4 45. Kd5 Rc8
46. c5 Kf3 47. c6 Kxf2 48. c7 Kg2 49. Bf4 h3 50. Kd6 h2 51. Bxh2 Kxh2 0-1

[Event "Campeonato de España sub-16 2011"]
[Site "Padron ESP"]
[Date "2011.07.23"]
[Round "7.12"]
[White "Norte Garcia, Andrea"]
[Black "Nicolas Zapata, Irene"]
[Result "0-1"]
[WhiteElo "1910"]
[BlackElo "2117"]
[PlyCount "94"]
[EventDate "2011.07.19"]
[EventType "swiss"]
[EventRounds "9"]
[EventCountry "ESP"]
[Source "lmi"]
[SourceDate "2011.07.19"]

1. e4 e6 2. d4 d5 3. Nd2 Be7 4. e5 c5 5. Qg4 Kf8 6. dxc5 Nc6 7. Qg3 h5 8. Nb3
Nh6 9. Nf3 Nf5 10. Qf4 f6 11. exf6 Bxf6 12. c4 e5 13. Qd2 Nfd4 14. Nfxd4 exd4
15. Be2 Be6 16. cxd5 Bxd5 17. O-O a5 18. Qf4 Kg8 19. Nd2 Be5 20. Qf5 Qf6 21.
Qxf6 Bxf6 22. Nc4 Re8 23. Bd3 Nb4 24. Nd6 Rd8 25. Bf5 b6 26. a3 Na6 27. Be4
Rxd6 28. cxd6 Bxe4 29. Bf4 Kf7 30. f3 Bb7 31. b4 a4 32. Rfe1 Rd8 33. Be5 Bxe5
34. Rxe5 Rxd6 35. Rd1 g6 36. Kf2 Nc7 37. Rde1 Rd7 38. f4 Kf6 39. h3 h4 40. g4
hxg3+ 41. Kxg3 Bd5 42. R5e2 d3 43. Rd2 Bc4 44. Kf3 Nb5 45. Rc1 Nd4+ 46. Ke3 b5
47. Rcd1 Nc2+ 0-1

[Event "Campeonato de España sub-16 2011"]
[Site "Padron ESP"]
[Date "2011.07.23"]
[Round "7.13"]
[White "Rojano Alfonso, Carlos"]
[Black "Ordonez Torres, Maria Del Carme"]
[Result "1-0"]
[WhiteElo "2060"]
[BlackElo "1869"]
[PlyCount "57"]
[EventDate "2011.07.19"]
[EventType "swiss"]
[EventRounds "9"]
[EventCountry "ESP"]
[Source "lmi"]
[SourceDate "2011.07.19"]

1. e4 e5 2. Nf3 Nc6 3. d4 exd4 4. Nxd4 Nf6 5. Nxc6 bxc6 6. Bd3 d5 7. exd5 cxd5
8. O-O Be7 9. c4 O-O 10. Nc3 Bb7 11. Bf4 Qd7 12. cxd5 Rad8 13. Bb5 Qc8 14. Bc4
Qd7 15. Rc1 c6 16. Re1 Bc5 17. d6 Qf5 18. Qd2 Ng4 19. Ne4 Bb6 20. h3 Nf6 21.
Nxf6+ Qxf6 22. Be5 Qh4 23. Qf4 Qh5 24. Rc3 Rde8 25. Rg3 Bxf2+ 26. Kxf2 g6 27.
Qf6 Rxe5 28. Rxe5 Qd1 29. Bxf7+ 1-0

[Event "Campeonato de España sub-16 2011"]
[Site "Padron ESP"]
[Date "2011.07.23"]
[Round "7.14"]
[White "Capote Robayna, Johanna"]
[Black "Gonzalez Hernandez, Ferran"]
[Result "0-1"]
[WhiteElo "1807"]
[BlackElo "2031"]
[PlyCount "52"]
[EventDate "2011.07.19"]
[EventType "swiss"]
[EventRounds "9"]
[EventCountry "ESP"]
[Source "lmi"]
[SourceDate "2011.07.19"]

1. e4 c5 2. Nf3 Nc6 3. d4 cxd4 4. Nxd4 Nf6 5. Nc3 d6 6. Bg5 Bd7 7. Be2 Qa5 8.
Bxf6 gxf6 9. Nb3 Qg5 10. g3 f5 11. f4 Qg6 12. Bh5 Qe6 13. Nd4 Nxd4 14. Qxd4 Rg8
15. O-O-O Bg7 16. e5 Bc6 17. Rhe1 dxe5 18. fxe5 Qh6+ 19. Kb1 Qxh5 20. Nd5 O-O-O
21. Nxe7+ Kc7 22. Qd6+ Rxd6 23. exd6+ Kd7 24. Nxg8 Be4 25. g4 Qxh2 26. Rc1 Qe5
0-1

[Event "Campeonato de España sub-16 2011"]
[Site "Padron ESP"]
[Date "2011.07.23"]
[Round "7.15"]
[White "Garcia De Lomas Guerrero, Carlo"]
[Black "Orantes Taboada, Manuel"]
[Result "1/2-1/2"]
[WhiteElo "1980"]
[BlackElo "1846"]
[PlyCount "98"]
[EventDate "2011.07.19"]
[EventType "swiss"]
[EventRounds "9"]
[EventCountry "ESP"]
[Source "lmi"]
[SourceDate "2011.07.19"]

1. e4 d6 2. d4 Nf6 3. Nc3 g6 4. f4 Bg7 5. Nf3 c5 6. Bb5+ Bd7 7. e5 Ng4 8. Bxd7+
Qxd7 9. d5 O-O 10. h3 Nh6 11. g4 Re8 12. Ne4 Qa4 13. Qd3 f5 14. Nc3 Qa6 15. Qd1
fxg4 16. hxg4 Nxg4 17. Ng5 h5 18. Ne6 c4 19. Qf3 Qb6 20. Ne4 Nd7 21. N4g5 Nf8
22. Nxg7 Kxg7 23. e6 Qd4 24. Bd2 Kg8 25. Ke2 c3 26. Bxc3 Qc4+ 27. Kd2 Rac8 28.
Rag1 b5 29. Rxh5 gxh5 30. Nf7 Ng6 31. Nh6+ Kh7 32. Nxg4 Qxf4+ 33. Qxf4 Nxf4 34.
Ne3 Ng6 35. Rh1 h4 36. Bd4 Rf8 37. Ng2 Rf5 38. Nxh4 Rh5 39. Nxg6 Kxg6 40. Rg1+
Rg5 41. Rxg5+ Kxg5 42. Bxa7 Ra8 43. Bd4 Kf5 44. Kd3 Rxa2 45. b3 Ra8 46. c4
bxc4+ 47. bxc4 Rg8 48. c5 Rg3+ 49. Kc4 dxc5 1/2-1/2